LEADER 01304nam a2200301 u 4500 001 000000091558 003 CaOOAMICUS 005 20070226124837.0 008 060322s1974 sp u000 u spa u 020 $a8430611266 035 $a11082463 040 $aPUL(R)$bita 041 1 $aspa$heng 100 1 $aJanik, Allan,$d1941-$0(OLS)http://pul/name/59075 240 10$aWittgenstein's Vienna.$lSpagnolo.$0(OLS)http://pul/title/118158 245 13$aLa Viena de Wittgenstein /$cAllan Janik y Stephen Toulmin ; traducción de Ignacio Gómez de Liaño. 260 $aMadrid :$bTaurus,$c1974. 300 $a373 p. ;$c22 cm 600 14$aWittgenstein, Ludwig,$d1889-1951.$0(OLS)http://pul/subject/5985 651 4$aVienna$xVita culturale$ySec. XIX.$0(OLS)http://pul/subject/38103 651 4$aVienna$xVita culturale$ySec. XX.$0(OLS)http://pul/subject/38104 700 1 $aToulmin, Stephen Edelston.$0(OLS)http://pul/name/44686 850 $aPUL 852 $aPUL$W1$xDP1 Fondo Gelio$y54$m5 B 36$j115302$nBK-PRI$b $qFondi$B115302$CPULBib$Z2$F115302 $H $81 941 1 $a1 996 $6020$a8430611266$9(OLS)http://pul/number/120051 996 $6245$aLa Viena de Wittgenstein$9(OLS)http://pul/title/118159 996 $6260$aMadrid :$bTaurus$9(OLS)http://pul/publisher/63243 LEADER 01596cam a2200325 a 4500 001 000000136210 003 CaOOAMICUS 005 20131115094755.0 008 131115s2010 enkac b 000 u eng r 020 $a978-0-567-17945-6 040 $aPUL$bita 082 04$a225.6 245 00$aReading Paul in context :$bexplorations in identity formation: essays in honour of William S. Campbell /$cedited by Kathy Ehrensperger, J. Brian Tucker. 260 $aLondon ;$aNew York :$bT&T Clark International,$c2010. 300 $axx, 300 p. :$bill., ritr. ;$c24 cm 490 1 $aLibrary of New Testament studies ;$v428 504 $aBibliografia p. [255]-287. 600 04$aPaulus,$cs., apostolo$xCritica e interpretazione.$0(OLS)http://pul/subject/18697 700 1 $aCampbell, William S.$0(OLS)http://pul/name/87396 700 1 $aEhrensperger, Kathy.$0(OLS)http://pul/name/87552 700 1 $aTucker, J. Brian.$0(OLS)http://pul/name/87698 830 0$aLibrary of New Testament studies ;$v428.$0(OLS)http://pul/title/158087 850 $aPUL 852 $aPUL$W1$xSL Religione 3$y85$m225. 6 COLL 1.428$j156979$qDDC 21$B156394$CPULBib$Z2$F156394 $H123190 $82 941 1 $a9 996 $6020$a978-0-567-17945-6$9(OLS)http://pul/number/153954 996 $6082$a225.6$9(OLS)http://pul/classification/1734 996 $6245$aReading Paul in context :$bexplorations in identity formation: essays in honour of William S. Campbell$9(OLS)http://pul/title/172239 996 $6260$aLondon ;$aNew York :$bT&T Clark International$9(OLS)http://pul/publisher/75814